Mercado de valores: sistema de depósito centralizado ley N§ 18.876, decreto supremo N§ 734
Uloženo v:
| Hlavní autor: | |
|---|---|
| Médium: | Kniha |
| Jazyk: | španělština |
| Vydáno: |
Santiago
Jurídica
1999
|
| Témata: | |
| Tagy: |
Přidat tag
Žádné tagy, Buďte první, kdo vytvoří štítek k tomuto záznamu!
|
MARC
| LEADER | 00000nam a2200000 a 4500 | ||
|---|---|---|---|
| 001 | UCP0713 | ||
| 003 | CL-VaPUC | ||
| 008 | 990319e19990000CL |||||||||||||||||spa|d | ||
| 082 | 0 | 4 | |a 346.07 |b MAT |2 21 |
| 100 | |a Mattar Oyarzún, Pablo |e autor |9 426187 | ||
| 245 | 1 | 0 | |a Mercado de valores: sistema de depósito centralizado ley N§ 18.876, decreto supremo N§ 734 |
| 300 | |a 279 p | ||
| 942 | |c BK | ||
| 945 | |d 19990319 00:00:00 |a aarredon | ||
| 260 | |a Santiago |b Jurídica |c 1999 | ||
| 650 | 7 | |a LEGISLACION ECONOMICA |2 CL-VaPUC |9 359033 | |
| 650 | 7 | |a SISTEMAS ECONOMICOS |2 CL-VaPUC |9 426188 | |
| 650 | 0 | |a Mercado financiero |9 334172 | |
| 650 | 7 | |a GANANCIAS DE CAPITAL |2 CL-VaPUC |9 346456 | |
| 650 | 0 | |a Valor económico |9 352307 | |
| 650 | 0 | |a Mercado de valores |9 378123 | |
| 650 | 0 | |a Derecho comercial |9 256340 | |
| 583 | |a last modification |c 19990319 00:00:00 |k Rodrigo Vera | ||
| 999 | |c 279465 |d 279463 | ||
| 952 | |0 0 |1 0 |4 0 |6 346_070000000000000_MAT_1999 |7 0 |8 A |9 318989 |a BIBDER |b BIBDER |d 2019-11-20 |i 3505952 |o 346.07 MAT 1999 |p 3505952 |r 2023-01-25 |w 2019-11-20 |y BK |k DER | ||